000
00227nam a2200085Ia 4500
008
170620s9999 xx 000 0 und d
100
_a
Harrell-Thomas W.
245
0
_a
Industrial Psychology
260
_b
New Delhi- Oxford & IBH Publishing Co.
260
_c
2005
999
_c
24096
_d
24096